Lucas Arruda / (Record no. 196932)

MARC details
000 -LEADER
campo de control de longitud fija 01212nam a2200325 i 4500
001 - NÚMERO DE CONTROL
campo de control 196932
003 - IDENTIFICADOR DE NÚMERO DE CONTROL
campo de control ItRI
005 - FECHA Y HORA DE LA ÚLTIMA TRANSACCIÓN
campo de control 20250805063331.0
008 - DATOS DE LONGITUD FIJA--INFORMACIÓN GENERAL
campo de control de longitud fija 210720s2020 xxu|||||| ||||| |||||c
020 ## - NÚMERO INTERNACIONAL ESTÁNDAR DEL LIBRO
Número Internacional Estándar del Libro 9781644230411
035 ## - NÚMERO DE CONTROL DEL SISTEMA
Número de control de sistema IT\ICCU\TO0\2085114
040 ## - FUENTE DE CATALOGACIÓN
Lengua de catalogación ita
Centro/agencia transcriptor ES-MaACL
041 #7 - CÓDIGO DE IDIOMA
Fuente del código ISO-639-2
082 ## - NÚMERO DE LA CLASIFICACIÓN DECIMAL DEWEY
Número de clasificación 759.981
Número de edición 23
245 10 - MENCIÓN DEL TÍTULO
Título Lucas Arruda /
Mención de responsabilidad, etc. [textos de Barry Schwabsky, Will Chancellor].
246 13 - FORMA VARIANTE DEL TITULO
Título propio/Titulo breve Deserto-Modelo
260 ## - PUBLICACIÓN, DISTRIBUCIÓN, ETC.
Lugar de publicación, distribución, etc. Nueva York :
Nombre del editor, distribuidor, etc. David Zwirner,
Fecha de publicación, distribución, etc. 2020.
300 ## - DESCRIPCIÓN FÍSICA
Extensión 127 páginas :
Otras características físicas ilustrado a color ;
Dimensiones 29 cm
500 ## - NOTA GENERAL
Nota general Exposición en Londres en 2017 y en Nueva York en 2019
500 ## - NOTA GENERAL
Nota general Título del colofón
655 #7 - TERMINO DE INDIZACIÓN--GENERO/FORMA
Fuente del término tgfbne
9 (RLIN) 193628
Datos o término principal de género/forma Catálogos de exposiciones
700 1# - ENTRADA AGREGADA--NOMBRE PERSONAL
Nombre de persona Arruda, Lucas,
Número de control del registro de autoridad o número normalizado IT\ICCU\VEAV\499689
9 (RLIN) 233973
Fechas asociadas al nombre 1983-
Término indicativo de función/relación Artista
700 1# - ENTRADA AGREGADA--NOMBRE PERSONAL
Nombre de persona Chancellor, Will
Número de control del registro de autoridad o número normalizado IT\ICCU\RT1V\049550
9 (RLIN) 241551
Término indicativo de función/relación Autor
700 1# - ENTRADA AGREGADA--NOMBRE PERSONAL
Nombre de persona Schwabsky, Barry
Número de control del registro de autoridad o número normalizado IT\ICCU\VEAV\043232
9 (RLIN) 241552
Término indicativo de función/relación Autor
852 ## - LOCALIZACIÓN
Ubicación ES-MaACL
Ubicación en estantería Depósito J
Número de control de estantería N-10330
Donativo/Legado Donación: Editorial
Encuadernación Encuadernación cartoné
itemnumber 206455
942 ## - ELEMENTOS DE ENTRADA SECUNDARIOS (KOHA)
Tipo de ítem Koha Libro impreso
Suprimir en OPAC No
Holdings
Estatus retirado Estado de pérdida Fuente del sistema de clasificación o colocación Estado de daño No para préstamo Biblioteca de origen Biblioteca actual Ubicación en estantería Fecha de adquisición Fuente de adquisición Total de préstamos Signatura topográfica completa Código de barras Visto por última vez Precio de reemplazo Tipo de ítem Koha
    Clasificación decimal universal     Biblioteca del Ateneo de Madrid Biblioteca del Ateneo de Madrid Depósito J 03/08/2025 Donación   N-10330 2025-0833 03/08/2025 03/08/2025 Libro impreso